Planeamiento estratégico : de la empresa agroindustrial /

Guardado en:
Autor Principal: Castagnino, Ana María
Formato: Libro
Publicado: Buenos Aires : Hemisferio Sur, 2004
Materias:
Etiquetas: Agregar Etiqueta
Sin Etiquetas, Sea el primero en etiquetar este registro!
LEADER 01486nam a22002055a 4500
001 CEM.cems017188
005 20090918112142.0
008 130507s2004##################000#0#####d
003 CEMS
020 |a 9505045816 
082 0 4 |a 338.1 
100 1 |a Castagnino, Ana María 
245 1 0 |a Planeamiento estratégico :  |b de la empresa agroindustrial /  |c Ana María Castagnino 
260 |a Buenos Aires :  |b Hemisferio Sur,  |c 2004 
300 |a 192 p. 
505 0 |a Características del sistema agroalimentario global -- Fundamentos del planeamiento estratégico -- Servucción para el posicionamiento de nuevos productos agroindustriales en el mercado global -- Envases, embalajes y el ciclo de vida de los productos -- El concepto de cadena agroalimentaria y la trazabilidad -- Dimensiones de la calidad-su influencia para el posicionamiento de productos agroindustriales -- Plan de negocios -- Realidad del sistema agroalimentario argentino -- Actuales denominaciones de los productos frutihortícolas -- Situación de la horticultura en la provincia de Buenos Aires -- Dinámica de las exportaciones frutihortícolas argentinas -- Dimensiones de los mercados de productos agroindustriales frutihortícolas -- Diferentes alternativas frutihortícolas-análisis de casos -- Valorización de las producciones 
653 |a Admministración de empresas 
653 |a Planeamiento estrátegico-empresas 
653 |a Empresa agroindustrial 
859 |a CEMS  |b BIB. CEMS - Agricultura  |h 338.1  |i C274  |p A0921.09  |t Ej.1